Online
Catalog

Democracia en el siglo XXI : (Record no. 43039)

MARC details
000 -CABECERA
campo de control de longitud fija 02005nam a2200265 a 4500
001 - NÚMERO DE CONTROL
campo de control 000043550
005 - FECHA Y HORA DE LA ÚLTIMA TRANSACCIÓN
campo de control 20240406073831.0
008 - DATOS DE LONGITUD FIJA--INFORMACIÓN GENERAL
campo de control de longitud fija 140325s2002 dr 000 0 spa d
020 ## - NÚMERO INTERNACIONAL ESTÁNDAR DEL LIBRO
Número Internacional Estándar del Libro 9993487929
040 ## - FUENTE DE LA CATALOGACIÓN
Centro catalogador/agencia de origen DO-SdBNP
Lengua de catalogación spa
Centro/agencia transcriptor BNPHU
082 ## - NÚMERO DE LA CLASIFICACIÓN DECIMAL DEWEY
Número de clasificación 321.8
Número de documento/Ítem D383s
245 00 - MENCIÓN DE TÍTULO
Título Democracia en el siglo XXI :
Resto del título experiencias y desafíos de Iberoamérica /
Mención de responsabilidad, etc. Leonel Antonio Fernández Reyna... [et al.] ; edición Natasha Despotovich, José Rafael Lantigua.
260 ## - PUBLICACIÓN, DISTRIBUCIÓN, ETC.
Lugar de publicación, distribución, etc. Santo Domingo :
Nombre del editor, distribuidor, etc. Fundación Global Democracia y Desarrollo,
Fecha de publicación, distribución, etc. 2002.
300 ## - DESCRIPCIÓN FÍSICA
Extensión 215 p. ;
Dimensiones 23 cm.
490 1# - MENCIÓN DE SERIE
Mención de serie Democracia
Designación de volumen o secuencia 1
500 ## - NOTA GENERAL
Nota general Incluye breves reseñas biográficas de los expositores
505 0# - NOTA DE CONTENIDO CON FORMATO
Nota de contenido con formato Alcances globales de la democracia -- La gobernabilidad democrática -- Evolución de la democracia de Iberoamérica -- La experiencia de Chile en la transición democrática -- México : el experimento democrático --República Dominicana : entre el autoritarismo y la democracia -- El Salvador : en la lucha por la democracia --Venezuela en la Era de Chávez -- América Latina : entre el atraso y el progreso -- La sociedad civil en los procesos democráticos --La naturaleza orgánica de la sociedad civil --De los medios impresos a la cultura visual --Apoyando los medios independientes en América Latina : desafíos para el futuro --El proceso de la comunicación y el rol de los medios informativos -- La crisis de confianza de los partidos políticos -- Los partidos políticos : de la crisis de la partidocracia a los nuevos modelos de representación -- Partidos políticos : "¡Basta de realidades, queremos promesas!" --La experiencia leninista de los partidos políticos en América Latina.
590 ## - NOTA LOCAL (RLIN)
Nota local Inventariado, 2018/LP
650 #0 - PUNTO DE ACCESO ADICIONAL DE MATERIA--TÉRMINO DE MATERIA
Término de materia o nombre geográfico como elemento de entrada Democracia
9 (RLIN) 286
700 12 - PUNTO DE ACCESO ADICIONAL--NOMBRE DE PERSONA
Nombre de persona Fernández Reyna, Leonel Antonio
9 (RLIN) 71342
700 12 - PUNTO DE ACCESO ADICIONAL--NOMBRE DE PERSONA
Nombre de persona Despotovich, Natasha,
Término indicativo de función/relación ed.
9 (RLIN) 71343
700 12 - PUNTO DE ACCESO ADICIONAL--NOMBRE DE PERSONA
Nombre de persona Lantigua, José Rafael,
Fechas asociadas al nombre 1949-
Término indicativo de función/relación ed.
9 (RLIN) 1438
830 #0 - PUNTO DE ACCESO ADICIONAL DE SERIE-TÍTULO UNIFORME
Título uniforme Democracia ;
Número de parte o sección de la obra 1
9 (RLIN) 71344
910 ## - DATOS DE OPCIÓN DEL USUARIO (OCLC)
Datos de opción del usuario Validado. Control de calidad MFF
Holdings
Estado de retiro Estado de pérdida Restricciones de uso No para préstamo Código de colección Localización permanente Ubicación/localización actual Ubicación en estantería Fecha de adquisición Número de inventario Total de préstamos Signatura topográfica completa Código de barras Fecha visto por última vez Número de copia Precio válido a partir de Tipo de ítem Koha
        Dominicana de Servicio General General Depósito 25.03.2014 LF1   321.8 D383s 43550-30 25.06.2020 e.3 25.06.2020 Libro y Folleto Colección Dominicana de Servicio
      Excluido de préstamo Patrimonio Dominicano Patrimonio Dominicano Patrimonio Dominicano Depósito 25.03.2014 LF1   321.8 D383s 43550-10 25.06.2020   25.06.2020 Libro y Folleto Colección Patrimonio Dominicano
      Excluido de préstamo Patrimonio Dominicano Patrimonio Dominicano Patrimonio Dominicano Depósito 25.03.2014 LF1   321.8 D383s 43550-20 25.06.2020 e.2 25.06.2020 Libro y Folleto Colección Patrimonio Dominicano

Powered by Koha